بغية الرائد لما تضمنه حديث أم زرع من الفوائد / (رقم التسجيلة. 78717)
[ عرض عادي ]
| 000 -الفاتح | |
|---|---|
| حقل البيانات ثابتة الطول | 01172cam a22002291i 4500 |
| 003 - محدد رقم الضبط | |
| رقم الضبط | SA-RiAUC |
| 005 - وقت وتاريخ اخر تعامل مع التسجيلة | |
| رقم الضبط | 20200228173010.0 |
| 008 - عناصر البيانات ثابتة الطول - معلومات عامة | |
| حقل البيانات ثابتة الطول | 120526s 2019 ts g 000 0 ara c |
| 020 ## - الرقم الدولى المعيارى للكتب | |
| الرقم الدولى المعيارى للكتاب | 9789948398578 |
| 040 ## - مصدر الفهرسة | |
| وكالة الفهرسة الأصلية | Ma-un |
| لغة الفهرسة | ara |
| قواعد الوصف | rda |
| 082 04 - رقم تصنيف ديوى العشرى | |
| رقم التصنيف | 237.3 |
| رقم الطبعة | 21 |
| رقم المادة | س ع ب |
| 100 1# - المدخل الرئيسى - إسم شخصى | |
| الإسم الشخصى | السبتي، عياض بن موسى، |
| التواريخ المصاحبة للاسم | 476-544 هجري |
| الدور | مؤلف. |
| 245 10 - بيان العنوان | |
| العنوان | بغية الرائد لما تضمنه حديث أم زرع من الفوائد / |
| بيان المسئوليه,etc | القاضي أبي الفضل عياض بن موسى بن عياض ؛ حققه محمد عايش؛ محمد عبد الرحيم سلطان العلماء. |
| 264 #1 - النشر, التوزيع, ETC. (IMPRINT) | |
| مكان الناشر او الموزع RDA | دبي، الإمارات العربية المتحدة : |
| اسم الناشر او الموزع RDA | جائزة دبي الدولية للقرآن الكريم، وحدة البحوث والدراسات، |
| تاريخ النشر أو التوزيع | 2019 |
| تاريخ النشر هجري | 1440 |
| 300 ## - الوصف المادى | |
| التعداد | 380 صفحة |
| أبعاد الوعاء | 24 سم. |
| 504 ## - تبصرة ببليوجرافية | |
| تبصرة ببليوجرافية,الخ | يشتمل على قائمة ببليوجرافية. |
| 650 #7 - المدخل الاضافى بالموضوع-مصطلح موضوعى | |
| مصطلح موضوعي أو اسم جغرافي كعنصر مدخل | الحديث |
| التقسيم الفرعي العام | شرح |
| 700 ## - المدخل الاضافى - اسم شخصى | |
| الإسم الشخصى | عايش، محمد، |
| الدور | محقق. |
| 700 ## - المدخل الاضافى - اسم شخصى | |
| الإسم الشخصى | سلطان العلماء، محمد عبد الرحيم، |
| الدور | مقدم. |
| 952 ## - LOCATION AND ITEM INFORMATION (KOHA) | |
| نوع المادة فى نظام كوها | كتاب |
| 952 ## - LOCATION AND ITEM INFORMATION (KOHA) | |
| نوع المادة فى نظام كوها | كتاب |
| 952 ## - LOCATION AND ITEM INFORMATION (KOHA) | |
| نوع المادة فى نظام كوها | كتاب |
| 952 ## - LOCATION AND ITEM INFORMATION (KOHA) | |
| نوع المادة فى نظام كوها | كتاب |
| 952 ## - LOCATION AND ITEM INFORMATION (KOHA) | |
| نوع المادة فى نظام كوها | كتاب |
| 952 ## - LOCATION AND ITEM INFORMATION (KOHA) | |
| نوع المادة فى نظام كوها | كتاب |
| 952 ## - LOCATION AND ITEM INFORMATION (KOHA) | |
| نوع المادة فى نظام كوها | كتاب |
| 952 ## - LOCATION AND ITEM INFORMATION (KOHA) | |
| نوع المادة فى نظام كوها | كتاب |
| 952 ## - LOCATION AND ITEM INFORMATION (KOHA) | |
| نوع المادة فى نظام كوها | كتاب |
| 952 ## - LOCATION AND ITEM INFORMATION (KOHA) | |
| نوع المادة فى نظام كوها | كتاب |
| 952 ## - LOCATION AND ITEM INFORMATION (KOHA) | |
| نوع المادة فى نظام كوها | كتاب |
| 952 ## - LOCATION AND ITEM INFORMATION (KOHA) | |
| نوع المادة فى نظام كوها | كتاب |
| 952 ## - LOCATION AND ITEM INFORMATION (KOHA) | |
| نوع المادة فى نظام كوها | كتاب |
| 952 ## - LOCATION AND ITEM INFORMATION (KOHA) | |
| نوع المادة فى نظام كوها | كتاب |
| 952 ## - LOCATION AND ITEM INFORMATION (KOHA) | |
| نوع المادة فى نظام كوها | كتاب |
| 952 ## - LOCATION AND ITEM INFORMATION (KOHA) | |
| نوع المادة فى نظام كوها | كتاب |
| 952 ## - LOCATION AND ITEM INFORMATION (KOHA) | |
| نوع المادة فى نظام كوها | كتاب |
| 942 ## - | |
| -- | ddc |
| -- | BOOK |
| 949 ## - معلومات معالجة محلية(OCLC) | |
| a | SA-RiPNU |
| n | 1 |
| d | 2020/2/28 |
| u | pnusvn |
| حالة الفقد | نموذج السعر الفعال | حالة تلف | ليس للاعارة | تاريخ الاكتساب | رقم الطلب | تاريخ الاكتساب | الموقع الحالي | الباركود | الفرع الرئيسي | Date last seen | مصدر التصنيف او خطة الترفيف | Total Checkouts |
|---|---|---|---|---|---|---|---|---|---|---|---|---|
| 2020-02-28 | 2020-02-28 | 237.3 س ع ب | 2020-02-28 | CL | 00854447 | المكتبة المركزية بالمجمعة (CL) | 2020-02-28 | Dewey Decimal Classification | ||||
| 2020-02-28 | 2020-02-28 | 237.3 س ع ب | 2020-02-28 | CL | 00854599 | المكتبة المركزية بالمجمعة (CL) | 2020-02-28 | Dewey Decimal Classification | ||||
| 2020-02-28 | 2020-02-28 | 237.3 س ع ب | 2020-02-28 | CL | 00854600 | المكتبة المركزية بالمجمعة (CL) | 2020-02-28 | Dewey Decimal Classification | ||||
| 2020-02-28 | 2020-02-28 | 237.3 س ع ب | 2020-02-28 | IC | 00854508 | قسم الاجراءات الفنية (IC) | 2020-02-28 | Dewey Decimal Classification | ||||
| 2020-02-28 | 2020-02-28 | 237.3 س ع ب | 2020-02-28 | IC | 00854509 | قسم الاجراءات الفنية (IC) | 2020-02-28 | Dewey Decimal Classification | ||||
| 2020-02-28 | 2020-02-28 | 237.3 س ع ب | 2020-02-28 | IC | 00854510 | قسم الاجراءات الفنية (IC) | 2020-02-28 | Dewey Decimal Classification | ||||
| 2020-02-28 | 2020-02-28 | 237.3 س ع ب | 2020-02-28 | IC | 00854511 | قسم الاجراءات الفنية (IC) | 2020-02-28 | Dewey Decimal Classification | ||||
| 2020-02-28 | 2020-02-28 | 237.3 س ع ب | 2020-02-28 | IC | 00854516 | قسم الاجراءات الفنية (IC) | 2020-02-28 | Dewey Decimal Classification | ||||
| 2020-02-28 | 2020-02-28 | 237.3 س ع ب | 2020-02-28 | SGF | 00854517 | كلية الشريعة والقانون - طالبات | 2020-02-28 | Dewey Decimal Classification | ||||
| 2020-02-28 | 2020-02-28 | 237.3 س ع ب | 2020-02-28 | SGM | 00854518 | كلية الشريعة والقانون - طلاب | 2020-02-28 | Dewey Decimal Classification | ||||
| 2020-02-28 | 2020-02-28 | 237.3 س ع ب | 2020-02-28 | SGM | 00854519 | كلية الشريعة والقانون - طلاب | 2020-02-28 | Dewey Decimal Classification | ||||
| 2020-02-28 | 2020-02-28 | 237.3 س ع ب | 2020-02-28 | SRF | 00854512 | مكتبة كلية العلوم و الدراسات الإنسانية برماح - طالبات (SRF) | 2020-02-28 | Dewey Decimal Classification | ||||
| 2020-02-28 | 2020-02-28 | 237.3 س ع ب | 2020-02-28 | SRF | 00854513 | مكتبة كلية العلوم و الدراسات الإنسانية برماح - طالبات (SRF) | 2020-02-28 | Dewey Decimal Classification | ||||
| 2020-02-28 | 2020-02-28 | 237.3 س ع ب | 2020-02-28 | SRM | 00854514 | مكتبة كلية العلوم و الدراسات الإنسانية برماح - طلاب (SRM) | 2020-02-28 | Dewey Decimal Classification | ||||
| 2020-02-28 | 2020-02-28 | 237.3 س ع ب | 2020-02-28 | SRM | 00854515 | مكتبة كلية العلوم و الدراسات الإنسانية برماح - طلاب (SRM) | 2020-02-28 | Dewey Decimal Classification | ||||
| 2020-02-28 | 2020-02-28 | 237.3 س ع ب | 2020-02-28 | SZM | 00854520 | مكتبة مجمع الكليات بالزلفى - طلاب (SZM) | 2020-02-28 | Dewey Decimal Classification | ||||
| 2020-02-28 | 2020-02-28 | 237.3 س ع ب | 2020-02-28 | SZM | 00854521 | مكتبة مجمع الكليات بالزلفى - طلاب (SZM) | 2020-02-28 | Dewey Decimal Classification |
